Retail advertising designs

Bibliographic Details
Format: Book
Published: New York : McGraw-Hill , 1991
Subjects:

MARC

LEADER 00000cam a2200000 7i4500
001 0000002253
002 000002454
005 20000330.0
020 |a 0830638407 
090 0 0 |a 659.132   |b RET 
245 0 0 |a Retail advertising designs 
260 |a New York :   |b McGraw-Hill ,   |c 1991 
300 |a 208p. ;   |c 27cm. 
650 0 0 |a Advertising copy 
650 0 0 |a Advertisting layout and typography 
999 |a 035639   |b BUKU   |c PINJAMAN   |e PERPUSTAKAAN KOMUNITI PETALING JAYA